000
00313nam a22001457a 4500
005
20251119122107.0
082
_a
005.133C JIS
100
_a
Jisu Elsa Jacob
_9
1019
245
_a
Programming in C
250
_a
1
260
_a
Owl Books
_b
Trivandrum
_c
2025
546
_a
English
650
_a
CSE
_9
14
942
_c
BK
999
_c
38021
_d
38021